• 首页
  • 本馆介绍
  • 公告通知
  • 最新文献
  • 馆藏检索
  • 电子资源
  • 读者导购
  • 参考咨询
  • 我的图书馆
  • 登录
  • 详细信息显示
  • 放入我的书架
  • 预约/预借图书
  • 作者相关作品
  • 分类相关作品
  • 丛书相关作品
  • 出版社相关作品

书目信息

  • 表格格式
  • 工作单格式
  • 卡片格式
题名:
工业锅炉节能减排应用技术
    
 
作者: 史培甫 主编
分册:  
出版信息: 北京   化学工业出版社  2009
页数: 382页
开本: 26cm
丛书名:
单 册:
中图分类: TK227
科图分类:
主题词: 工业锅炉--节能--技术 , 工业锅炉 , 节能
电子资源:
ISBN: 978-7-122-06067-9
000 00900nam0 2200241 45
005 20100303150152.64
010    @a978-7-122-06067-9@dCNY78.00
100    @a20091126d2009 ekmy0chiy0120 ea
101 0  @achi
102    @aCN@b110000
105    @aa z 000yy
106    @ar
200 1  @a工业锅炉节能减排应用技术@AGong Ye Guo Lu Jie Neng Jian Pai Ying Yong Ji Shu@f史培甫主编@FShi Pei Fu Zhu Bian
210    @a北京@c化学工业出版社@d2009
215    @a382页@c图@d26cm
330    @a全书共分十一章,涵盖了工业锅炉安全与运行,燃煤锅炉强化燃烧技术,燃气锅炉节能,循环流化床锅炉洁净燃烧及洁净煤技术、水处理新技术、环保治理、供热系统节能减排先进实用技术、锅炉检验修理以及工业锅炉自动控制技术。
606 0  @a工业锅炉@x节能@x技术
606 0  @a工业锅炉
606 0  @a节能
690    @aTK227@v4
701  0 @a史培甫@AShi Pei Fu@4主编
801  0 @aCN@bTANGWEI@c20100303
905    @b0583578-82@dTK227@e102@f5
    
    工业锅炉节能减排应用技术/史培甫主编.-北京:化学工业出版社,2009
    382页:图;26cm
    
    
    ISBN 978-7-122-06067-9:CNY78.00
    全书共分十一章,涵盖了工业锅炉安全与运行,燃煤锅炉强化燃烧技术,燃气锅炉节能,循环流化床锅炉洁净燃烧及洁净煤技术、水处理新技术、环保治理、供热系统节能减排先进实用技术、锅炉检验修理以及工业锅炉自动控制技术。
●
相关链接 在E读中查询图书 在五车中查询图书 在当当中查询图书 在豆瓣中查询图书


正题名:工业锅炉节能减排应用技术     索取号:TK227/102         预约/预借

序号 登录号 条形码 馆藏地/架位号 状态 备注
1 0583578   205835783   第二样本阅览室/ [索取号:TK227/102] 在馆    
2 0583579   205835792   第三借阅区/ [索取号:TK227/102] 在馆    
3 0583580   205835809   第三借阅区/ [索取号:TK227/102] 在馆    
4 0583581   205835818   第三借阅区/ [索取号:TK227/102] 在馆    
5 0583582   205835827   第三借阅区/ [索取号:TK227/102] 在馆    
唐山师范学院图书馆 欢迎您!
大连网信软件有限公司© 版权所有